书目信息 |
| 题名: |
中华科学文明史
|
|
| 作者: | 李约瑟原 著 ;罗南 改编 ;上海交通大学科学史系 译 | |
| 分册: | 第三卷 | |
| 出版信息: | 上海 上海人民出版社 2002 |
|
| 页数: | 321页 | |
| 开本: | 21cm | |
| 丛书名: | ||
| 单 册: | ||
| 中图分类: | N092 | |
| 科图分类: | ||
| 主题词: | 自然科学史--普及读物--中国 | |
| 电子资源: | ||
| ISBN: | 7-208-03966-6 | |
| 000 | 00753nam0 2200217 45 | |
| 001 | 0401231881 | |
| 005 | 20040430092229.0 | |
| 010 | @a7-208-03966-6@dCNY23.00 | |
| 100 | @a20040123d2002 km y0chiy0120 ea | |
| 101 | 0 | @achi@ceng |
| 105 | @aa z 000yy | |
| 200 | 1 | @a中华科学文明史@AZhong Hua Ke Xue Wen Ming Shi@h第三卷@f(英)李约瑟原著@F(Ying)Li Yue Se Yuan Zhu@g(英)柯林·罗南改编@g上海交通大学科学史系译 |
| 210 | @a上海@c上海人民出版社@d2002 | |
| 215 | @a321页@c图@d21cm | |
| 606 | 0 | @a自然科学史@x普及读物@y中国 |
| 690 | @aN092@v4 | |
| 701 | 0 | @a李约瑟原@4著 |
| 702 | 0 | @a罗南@ALuo Nan@4改编 |
| 711 | 02 | @a上海交通大学科学史系@AShang Hai Jiao Tong Da Xue Ke Xue Shi Xi@4译 |
| 801 | @aCN@bTSTCL@c20040123 | |
| 905 | @b332125-127@dN092@e111:3@f3 | |
| 中华科学文明史.第三卷/(英)李约瑟原著/(英)柯林·罗南改编/上海交通大学科学史系译.-上海:上海人民出版社,2002 |
| 321页:图;21cm |
| ISBN 7-208-03966-6:CNY23.00 |
| ● |
| 相关链接 |
|
|
|
|
正题名:中华科学文明史
索取号:N092/111:3
 
预约/预借
| 序号 | 登录号 | 条形码 | 馆藏地/架位号 | 状态 | 备注 |
| 1 | 0332125 | 203321253 | 第三借阅区/ [索取号:N092/111:3] | 在馆 | |
| 2 | 0332126 | 203321262 | 第三借阅区/ [索取号:N092/111:3] | 在馆 | |
| 3 | 0332127 | 203321271 | 第二样本阅览室/ [索取号:N092/111:3] | 在馆 |